| 000 | 01239nam a22003011ib4500 | ||
|---|---|---|---|
| 003 | OSt | ||
| 005 | 20200510115512.0 | ||
| 008 | 200510t20192019enkao||jr|||| 000 0 end d | ||
| 020 |
_a9781786375254 _cRM 71.77 _qhardback |
||
| 040 |
_aPPAK _beng _cPPAK _erda |
||
| 082 | 0 | 4 |
_223 _a333.82 |
| 090 | 0 | 0 |
_a333.82 _bTWI _dRK |
| 100 | 1 |
_aTwiddy, Robin, _eauthor. |
|
| 245 | 1 | 0 |
_aFOSSIL FUEL FRENZY! / _cBY ROBIN TWIDDY |
| 264 | 1 |
_aKing's Lynn, Norfolk : _bBookLife, _c2019 |
|
| 264 | 4 | _c©2019 | |
| 300 |
_a32 pages : _bcolour illustrations , colour photographs ; _c30 cm. |
||
| 336 |
_2rdacontent _atext |
||
| 337 |
_2rdamedia _aunmediated |
||
| 338 |
_2rdacarrier _avolume |
||
| 490 | 1 | _aPolluted planet | |
| 520 | _aDiscover what the world of tomorrow might be like if we don't solve the pollution problem of today. Polluted Planet examines the causes of pollution and what you can do to save the future. Real information about real ecological issues are explored through fun and quirky science fiction narratives. | ||
| 650 | 1 | 0 |
_aFossil fuels _vJuvenile literature. _xEnvironmental aspects |
| 650 | 1 | 0 |
_aPollution _vJuvenile literature. |
| 800 | 1 |
_aTwiddy, Robin. _tPolluted planet. |
|
| 830 | 0 | _aPolluted planet | |
| 942 |
_2ddc _cB |
||
| 999 |
_c177004 _d177004 |
||